[Event "16th South Wales Int 2019"]
[Site "Bridgend"]
[Date "2019.07.08"]
[Round "3.24"]
[White "Robinson, David"]
[Black "O`rourke, Kevin"]
[Result "1-0"]
[WhiteElo "1840"]
[BlackElo "1266"]
[PlyCount "71"]
[EventDate "2019.07.07"]
[EventType "swiss"]
[EventRounds "9"]
[EventCountry "WLS"]

1. e4 e5 2. Nf3 d6 3. d4 Bg4 4. dxe5 Bxf3 5. Qxf3 dxe5 6. Bc4 Nf6 7. Qb3 Qe7 8.
Qxb7 Qb4+ 9. Qxb4 Bxb4+ 10. c3 Bd6 11. f3 a6 12. Be3 Nbd7 13. Nd2 Rb8 14. Rb1
O-O 15. Bxa6 Nc5 16. Bc4 Rbd8 17. Ke2 Ne6 18. Bxe6 fxe6 19. Nc4 Nh5 20. g3 Rf6
21. Bg5 Rdf8 22. Bxf6 Rxf6 23. Rhd1 Be7 24. Nxe5 Rh6 25. a4 Bd6 26. Ng4 Rg6 27.
e5 Be7 28. Rd7 Bg5 29. a5 Nf4+ 30. gxf4 Bxf4 31. Rd8+ Kf7 32. Rbd1 Rg5 33.
R1d7+ Kg6 34. Rg8 h5 35. Rgxg7+ Kf5 36. Rdf7# 1-0

[Event "16th South Wales Int 2019"]
[Site "Bridgend"]
[Date "2019.07.08"]
[Round "3.25"]
[White "Robertson, Jim"]
[Black "Blackmore, Simon"]
[Result "1/2-1/2"]
[WhiteElo "1580"]
[BlackElo "1682"]
[PlyCount "99"]
[EventDate "2019.07.07"]
[EventType "swiss"]
[EventRounds "9"]
[EventCountry "WLS"]

1. d4 d5 2. e3 Nf6 3. Bd3 Nc6 4. c3 e5 5. dxe5 Nxe5 6. Be2 Bf5 7. Nf3 Bd6 8.
Nxe5 Bxe5 9. Nd2 c6 10. Nf3 Bd6 11. O-O h6 12. b3 Qc7 13. Kh1 Be4 14. Bd3 g5
15. Bxe4 Nxe4 16. g3 f5 17. Nd4 Qf7 18. Bb2 f4 19. c4 Rh7 20. cxd5 fxe3 21. Qe2
Nxf2+ 22. Kg2 Qxd5+ 23. Qf3 O-O-O 24. Qxd5 cxd5 25. Nf5 Bc5 26. Rac1 Nd3 27.
Rc2 Nxb2 28. Rxc5+ Kb8 29. Nxe3 d4 30. Nd1 Nxd1 31. Rxd1 Re7 32. Rd2 d3 33. Rf5
Re2+ 34. Rxe2 dxe2 35. Kf2 Rd2 36. Rf8+ Kc7 37. Rf7+ Kc6 38. a4 e1=Q+ 39. Kxe1
Rxh2 40. Rf6+ Kc5 41. Rf5+ Kb6 42. Rf6+ Ka5 43. Rf5+ Ka6 44. Kf1 g4 45. b4 b6
46. Rf7 b5 47. a5 h5 48. Rf6+ Kb7 49. a6+ Kc7 50. Rf7+ 1/2-1/2

[Event "16th South Wales Int 2019"]
[Site "Bridgend"]
[Date "2019.07.08"]
[Round "3.26"]
[White "Williams, Ron"]
[Black "Orton, Paul"]
[Result "0-1"]
[WhiteElo "1644"]
[BlackElo "1584"]
[PlyCount "102"]
[EventDate "2019.07.07"]
[EventType "swiss"]
[EventRounds "9"]
[EventCountry "WLS"]

1. d4 Nf6 2. Nc3 d5 3. Bf4 a6 4. e3 b5 5. a3 e6 6. Bd3 Bb7 7. Qf3 c5 8. dxc5
Bxc5 9. b4 Bd6 10. e4 Bxf4 11. Qxf4 d4 12. Nce2 Nc6 13. Nf3 O-O 14. e5 Nh5 15.
Qe4 g6 16. g4 Na5 17. Qxd4 Bxf3 18. Qxd8 Rfxd8 19. Rg1 Bxe2 20. Bxe2 Nf4 21.
bxa5 Nxe2 22. Kxe2 Rac8 23. Ra2 Rc4 24. f3 Rd5 25. Rd1 Rxe5+ 26. Kf2 Rd5 27.
Rxd5 exd5 28. Ke3 Kf8 29. c3 g5 30. Kd3 Ra4 31. Re2 Rxa5 32. Re5 f6 33. Rxd5
Rxa3 34. Rd6 Ke7 35. Rb6 h6 36. h3 Ra4 37. Kc2 Rf4 38. Rxa6 Rxf3 39. Ra5 Rxh3
40. Rxb5 Rg3 41. Rb4 Ke6 42. Rd4 Ke5 43. Kb3 f5 44. gxf5 Kxf5 45. Kb4 Ke5 46.
Kc4 h5 47. Kb4 Rg4 48. Kc4 Rxd4+ 49. cxd4+ Kd6 50. d5 h4 51. Kd4 h3 0-1

[Event "16th South Wales Int 2019"]
[Site "Bridgend"]
[Date "2019.07.08"]
[Round "3.27"]
[White "Chung, Joel"]
[Black "Hirst, Joe"]
[Result "0-1"]
[WhiteElo "1475"]
[BlackElo "1632"]
[PlyCount "120"]
[EventDate "2019.07.07"]
[EventType "swiss"]
[EventRounds "9"]
[EventCountry "WLS"]

1. e4 c5 2. Nc3 e6 3. f4 d5 4. exd5 exd5 5. Nf3 Nf6 6. Bb5+ Bd7 7. Bxd7+ Nbxd7
8. d4 cxd4 9. Nxd4 Bc5 10. Nb3 Bb4 11. Qe2+ Ne4 12. Bd2 Bxc3 13. Bxc3 O-O 14.
Bd4 Qh4+ 15. Bf2 Qxf4 16. O-O Nxf2 17. Rxf2 Qe4 18. Qd2 Rfe8 19. Rd1 Nf6 20.
Rf3 Rac8 21. c3 Qa4 22. Ra1 Rc7 23. Nd4 Rce7 24. b3 Qa6 25. Qd3 Qb6 26. Raf1
Re1 27. Qb5 Rxf1+ 28. Rxf1 Qxb5 29. Nxb5 a6 30. Na3 Re2 31. Ra1 g6 32. c4 dxc4
33. Nxc4 Nd5 34. Rd1 Nc3 35. Rd8+ Kg7 36. Rd7 b5 37. Rd2 bxc4 38. Rxe2 Nxe2+
39. Kf2 cxb3 40. axb3 Nd4 41. b4 Nc2 42. Ke2 Nxb4 43. Kd2 a5 44. Kc3 f5 45. Kb3
g5 46. Ka4 f4 47. Kxa5 Nd3 48. Kb5 g4 49. Kc4 Ne1 50. g3 f3 51. Kd4 f2 52. Ke3
f1=Q 53. Kd2 Nf3+ 54. Ke3 Qc1+ 55. Ke4 Qd2 56. Kf5 Qd4 57. h4 gxh3 58. Ke6 Ng5+
59. Kf5 h6 60. g4 Qf6# 0-1

[Event "16th South Wales Int 2019"]
[Site "Bridgend"]
[Date "2019.07.08"]
[Round "3.28"]
[White "Ong, Weng Yan"]
[Black "Chung, Ethan Cheung Jing"]
[Result "1-0"]
[WhiteElo "1624"]
[BlackElo "1572"]
[PlyCount "111"]
[EventDate "2019.07.07"]
[EventType "swiss"]
[EventRounds "9"]
[EventCountry "WLS"]

1. e4 d5 2. exd5 Qxd5 3. Nc3 Qa5 4. d4 Nf6 5. Bd3 Bg4 6. f3 Bh5 7. Nge2 e6 8.
Bd2 c6 9. O-O Bd6 10. Ne4 Qd8 11. Nxd6+ Qxd6 12. c3 Bg6 13. Bf4 Qd8 14. Bg5
Nbd7 15. Ng3 h6 16. Bxf6 Nxf6 17. Bxg6 fxg6 18. Re1 Kf7 19. Ne2 Re8 20. Nf4 g5
21. Nd3 Kg8 22. Qc2 Qd5 23. Re5 Qd6 24. Rae1 b6 25. R5e2 Nd7 26. Ne5 Nxe5 27.
Rxe5 Kf7 28. Qf2 Rac8 29. Qg3 g6 30. Rxg5 Qxg3 31. Rxg3 c5 32. dxc5 Rxc5 33.
Rg4 Rd5 34. Rf4+ Kg7 35. Rfe4 Kf6 36. Kf2 g5 37. g3 Re7 38. R1e2 Rd6 39. Rd4
Rc6 40. c4 e5 41. Rde4 Rd6 42. f4 Rde6 43. Rxe5 Rxe5 44. Rxe5 Rxe5 45. fxe5+
Kxe5 46. Ke3 g4 47. b3 a6 48. a3 a5 49. b4 a4 50. Kd3 h5 51. Ke3 Ke6 52. Kd4
Kd6 53. b5 Kc7 54. c5 bxc5+ 55. Kxc5 Kb7 56. b6 1-0

[Event "16th South Wales Int 2019"]
[Site "Bridgend"]
[Date "2019.07.08"]
[Round "3.29"]
[White "Jaberansari, Daniel"]
[Black "Hurn, Robert Aj"]
[Result "1/2-1/2"]
[WhiteElo "1383"]
[BlackElo "1615"]
[PlyCount "82"]
[EventDate "2019.07.07"]
[EventType "swiss"]
[EventRounds "9"]
[EventCountry "WLS"]

1. e4 c5 2. c3 Nf6 3. e5 Nd5 4. Nf3 Nc6 5. d4 cxd4 6. cxd4 d6 7. Bc4 dxe5 8.
dxe5 Ndb4 9. Qb3 e6 10. O-O Na5 11. Bb5+ Bd7 12. Qa4 Bxb5 13. Qxb5+ Nac6 14.
Nc3 Qd3 15. Rd1 Qxb5 16. Nxb5 Rc8 17. Bg5 Nd5 18. Rac1 Be7 19. Bxe7 Kxe7 20.
Nd6 Rc7 21. Nd4 Rhc8 22. Nxc8+ Rxc8 23. Nxc6+ bxc6 24. Rd2 Kd7 25. Kf1 Kc7 26.
Rd3 Rb8 27. b3 Kb6 28. Rf3 Rb7 29. Rh3 h6 30. Rg3 g6 31. Rh3 h5 32. Rd3 a6 33.
a3 a5 34. g3 c5 35. Rc4 Rc7 36. Kg2 Kb5 37. Kf1 Kb6 38. Rd1 Kb5 39. Rdc1 Kb6
40. Ke2 Rc6 41. Kd3 Kb5 1/2-1/2

[Event "16th South Wales Int 2019"]
[Site "Bridgend"]
[Date "2019.07.08"]
[Round "3.30"]
[White "Miga, Tomasz"]
[Black "Emblem, Mark"]
[Result "1-0"]
[WhiteElo "1593"]
[BlackElo "1513"]
[PlyCount "43"]
[EventDate "2019.07.07"]
[EventType "swiss"]
[EventRounds "9"]
[EventCountry "WLS"]

1. d4 e6 2. Nf3 f5 3. Nc3 Nf6 4. Bg5 b6 5. e4 Be7 6. Bxf6 Bxf6 7. exf5 exf5 8.
Bc4 Bb7 9. O-O d5 10. Re1+ Be7 11. Bd3 O-O 12. Qe2 Nc6 13. Bb5 Bf6 14. Bxc6
Bxc6 15. Qe6+ Kh8 16. Qxc6 Be7 17. Nxd5 Bd6 18. Ne5 Kg8 19. Nf4 Rf6 20. Qd5+
Kh8 21. Nh5 c6 22. Nf7+ 1-0

[Event "16th South Wales Int 2019"]
[Site "Bridgend"]
[Date "2019.07.09"]
[Round "4.1"]
[White "Davies, Nigel R"]
[Black "Korneev, Oleg"]
[Result "1/2-1/2"]
[WhiteElo "2484"]
[BlackElo "2523"]
[PlyCount "21"]
[EventDate "2019.07.07"]
[EventType "swiss"]
[EventRounds "9"]
[EventCountry "WLS"]

1. Nf3 d5 2. e3 Nf6 3. c4 e6 4. b3 Be7 5. Bb2 O-O 6. Be2 c5 7. O-O Nc6 8. cxd5
Nxd5 9. Nc3 Nxc3 10. Bxc3 b6 11. Qc2 1/2-1/2

[Event "16th South Wales Int 2019"]
[Site "Bridgend"]
[Date "2019.07.09"]
[Round "4.2"]
[White "Nasuta, Grzegorz"]
[Black "Blackburn, Jonathan L B"]
[Result "1-0"]
[WhiteElo "2529"]
[BlackElo "2217"]
[PlyCount "125"]
[EventDate "2019.07.07"]
[EventType "swiss"]
[EventRounds "9"]
[EventCountry "WLS"]

1. e4 e6 2. d4 d5 3. Nc3 Bb4 4. Nge2 dxe4 5. a3 Be7 6. Nxe4 Bd7 7. Be3 Bc6 8.
N2c3 Nd7 9. Bd3 Ngf6 10. f3 Bxe4 11. fxe4 e5 12. d5 O-O 13. Qf3 Ne8 14. Ne2 a5
15. Ng3 Bg5 16. Bf2 Nd6 17. O-O g6 18. Qe2 Bf4 19. c4 b6 20. b4 Ne8 21. c5 bxc5
22. bxc5 Qh4 23. Rfb1 Ndf6 24. Nf1 Qg4 25. Ra2 Ng7 26. Qxg4 Nxg4 27. Rb7 Nxf2
28. Kxf2 Ne8 29. Re2 Bc1 30. a4 Ba3 31. Rc2 f5 32. exf5 gxf5 33. Ke2 Kh8 34.
Ng3 e4 35. Bb5 Nf6 36. Rxc7 f4 37. Nf1 f3+ 38. gxf3 exf3+ 39. Kf2 Nxd5 40. Rd7
Nf6 41. Rd4 Ra7 42. c6 Rg7 43. Ne3 Bd6 44. Kxf3 Ng4+ 45. Ke2 Re8 46. Rxd6 Nxe3
47. c7 Nxc2+ 48. Bxe8 Rxc7 49. Bb5 Rc5 50. Bd3 h5 51. Kd2 Nb4 52. Be4 Rc4 53.
Ke3 Na2 54. Rd4 Rc3+ 55. Kf4 Nb4 56. Kg5 Rc5+ 57. Kg6 Nc6 58. Bxc6 Rxc6+ 59.
Kxh5 Rc5+ 60. Kg6 Rc6+ 61. Kg5 Rc5+ 62. Kf6 Rh5 63. Kg6 1-0

[Event "16th South Wales Int 2019"]
[Site "Bridgend"]
[Date "2019.07.09"]
[Round "4.3"]
[White "Chatalbashev, Boris"]
[Black "Roberson, Peter T"]
[Result "1-0"]
[WhiteElo "2518"]
[BlackElo "2429"]
[PlyCount "71"]
[EventDate "2019.07.07"]
[EventType "swiss"]
[EventRounds "9"]
[EventCountry "WLS"]

1. d4 Nf6 2. c4 e6 3. Nc3 Bb4 4. Nf3 O-O 5. Bg5 c5 6. Rc1 h6 7. Bh4 cxd4 8.
Nxd4 d5 9. cxd5 g5 10. Bg3 Qxd5 11. e3 Qxa2 12. Bd3 Qxb2 13. O-O Bxc3 14. Rc2
Qb4 15. Nb5 e5 16. Rxc3 Nc6 17. f4 Bg4 18. Qc2 Nd5 19. Bc4 Rad8 20. fxg5 hxg5
21. Bxd5 Rxd5 22. Rc4 Bd1 23. Qf5 Qxc4 24. Qxg5+ Kh8 25. Bh4 f5 26. Qh6+ Kg8
27. Qg6+ Kh8 28. Bf6+ Rxf6 29. Qxf6+ Kg8 30. Qg6+ Kh8 31. Rxf5 Qb4 32. Qh6+ Kg8
33. Rg5+ Kf7 34. Rg7+ Ke8 35. Nc7+ Kd8 36. Qh8+ 1-0

[Event "16th South Wales Int 2019"]
[Site "Bridgend"]
[Date "2019.07.09"]
[Round "4.4"]
[White "Ratnesan, Ranesh"]
[Black "Arkell, Keith C"]
[Result "0-1"]
[WhiteElo "2080"]
[BlackElo "2461"]
[PlyCount "50"]
[EventDate "2019.07.07"]
[EventType "swiss"]
[EventRounds "9"]
[EventCountry "WLS"]

1. d4 Nf6 2. c4 c5 3. d5 e5 4. Nc3 d6 5. e4 g6 6. h3 Bg7 7. Bg5 h6 8. Be3 Na6
9. Bd3 Nc7 10. Qd2 Bd7 11. f4 Nh5 12. fxe5 Bxe5 13. Nf3 Bg3+ 14. Kd1 g5 15. e5
dxe5 16. Bxc5 Na6 17. Bd6 Ba4+ 18. Nxa4 Qxd6 19. Qa5 O-O 20. Bf5 Ng7 21. Bc2
Rac8 22. b3 f5 23. Ke2 Nh5 24. Rhd1 g4 25. Ng1 e4 0-1

[Event "16th South Wales Int 2019"]
[Site "Bridgend"]
[Date "2019.07.09"]
[Round "4.5"]
[White "Petrov, Marian"]
[Black "Richardson, John R"]
[Result "1-0"]
[WhiteElo "2463"]
[BlackElo "2239"]
[PlyCount "67"]
[EventDate "2019.07.07"]
[EventType "swiss"]
[EventRounds "9"]
[EventCountry "WLS"]

1. e4 c6 2. d4 d5 3. e5 Bf5 4. c4 e6 5. Nc3 Ne7 6. Nf3 Nd7 7. h3 h6 8. b3 Ng6
9. a3 Be7 10. Be2 O-O 11. O-O f6 12. exf6 Rxf6 13. Be3 Bd6 14. b4 Qe7 15. Re1
Raf8 16. Ra2 Bb8 17. Nh2 Bxh3 18. Ng4 Rf5 19. gxh3 Nh4 20. f4 h5 21. Nh2 g5 22.
Kh1 gxf4 23. Rg1+ Kh8 24. Bf2 f3 25. Bd3 R5f7 26. Bf1 Re8 27. Qe1 Ng2 28. Bxg2
fxg2+ 29. Rxg2 Ref8 30. cxd5 cxd5 31. Re2 Re8 32. Nxd5 Qd6 33. Nc3 Nf8 34. Re5
1-0

[Event "16th South Wales Int 2019"]
[Site "Bridgend"]
[Date "2019.07.09"]
[Round "4.6"]
[White "Siddharth, Jagadeesh"]
[Black "Cannon, Richard J"]
[Result "1/2-1/2"]
[WhiteElo "2410"]
[BlackElo "2013"]
[PlyCount "83"]
[EventDate "2019.07.07"]
[EventType "swiss"]
[EventRounds "9"]
[EventCountry "WLS"]

1. Nf3 Nf6 2. c4 d6 3. d4 Nbd7 4. Nc3 e5 5. e4 Be7 6. g3 O-O 7. Bg2 c6 8. O-O
Qe8 9. b3 a6 10. a4 Rb8 11. a5 Qd8 12. h3 b6 13. axb6 Qxb6 14. Rb1 a5 15. Be3
Qc7 16. Qd2 Ba6 17. Qa2 d5 18. dxe5 Nxe4 19. Nxe4 dxe4 20. Nd2 Nxe5 21. Nxe4
Nd3 22. Qe2 Rbd8 23. Rbd1 Nb4 24. Bf4 Qb6 25. Nd6 Bf6 26. h4 c5 27. h5 Nc6 28.
Ne4 Nd4 29. Qg4 Bc8 30. Nxf6+ Qxf6 31. Qg5 Qxg5 32. Bxg5 f6 33. Be3 Nxb3 34.
Rd5 Be6 35. Rxc5 Nxc5 36. Bxc5 Rfe8 37. Bc6 Bd7 38. Bd5+ Kh8 39. Bb6 Rc8 40.
Bxa5 Be6 41. Rd1 Kg8 42. Bb6 1/2-1/2

[Event "16th South Wales Int 2019"]
[Site "Bridgend"]
[Date "2019.07.09"]
[Round "4.7"]
[White "Camacho Collados, Jose"]
[Black "Bird, Joel"]
[Result "1/2-1/2"]
[WhiteElo "2408"]
[BlackElo "1988"]
[PlyCount "106"]
[EventDate "2019.07.07"]
[EventType "swiss"]
[EventRounds "9"]
[EventCountry "WLS"]

1. c4 e5 2. g3 Nf6 3. Bg2 c6 4. Qa4 Bc5 5. b4 Bd4 6. Nc3 O-O 7. Nf3 Bxc3 8.
dxc3 e4 9. Nd4 d5 10. O-O dxc4 11. Bg5 Qd5 12. Bxf6 gxf6 13. Rfd1 Na6 14. Qc2
Re8 15. a4 Qe5 16. b5 cxb5 17. Nxb5 Nc5 18. Nd6 Re7 19. Nxc4 Qc7 20. Nd6 f5 21.
Nb5 Qe5 22. Rd8+ Kg7 23. Nd6 Rd7 24. Rxc8 Rxc8 25. Nxc8 Qb8 26. Bh3 Kg6 27. f3
Qxc8 28. Rf1 Rd5 29. fxe4 Nxe4 30. Bxf5+ Rxf5 31. Qxe4 Qc5+ 32. e3 Qe5 33. Qd3
h5 34. Rf4 Kf6 35. Rxf5+ Qxf5 36. Qd4+ Kg6 37. e4 Qf3 38. Qxa7 Qxe4 39. Qb6+
Kf5 40. Qc5+ Kg6 41. Qb6+ f6 42. a5 Qe1+ 43. Kg2 Qe4+ 44. Kf2 Qc2+ 45. Kg1 Qd1+
46. Kg2 Qd5+ 47. Kf2 Qd2+ 48. Kf3 Qxc3+ 49. Qe3 Qxa5 50. Qe8+ Kg7 51. Qd7+ Kg6
52. Qxb7 Qc3+ 53. Kg2 Qc2+ 1/2-1/2

[Event "16th South Wales Int 2019"]
[Site "Bridgend"]
[Date "2019.07.09"]
[Round "4.8"]
[White "Rudd, Jack"]
[Black "Davis, Lee"]
[Result "1-0"]
[WhiteElo "2275"]
[BlackElo "1937"]
[PlyCount "135"]
[EventDate "2019.07.07"]
[EventType "swiss"]
[EventRounds "9"]
[EventCountry "WLS"]

1. d4 Nf6 2. c4 e6 3. Nc3 Bb4 4. e3 b6 5. Nge2 O-O 6. a3 Be7 7. e4 d6 8. f4 Bb7
9. Ng3 c5 10. d5 exd5 11. cxd5 Re8 12. Bd3 Bf8 13. O-O Na6 14. e5 dxe5 15. fxe5
Rxe5 16. Bf4 Rxd5 17. Nxd5 Qxd5 18. Qc2 c4 19. Bxc4 Qd4+ 20. Kh1 Rc8 21. b3 b5
22. Rae1 bxc4 23. Be5 Qd5 24. Bxf6 cxb3 25. Qf2 Rc2 26. Re2 Rxe2 27. Qxe2 gxf6
28. Nh5 Qxg2+ 29. Qxg2+ Bxg2+ 30. Kxg2 b2 31. Nxf6+ Kg7 32. Ne4 Bxa3 33. Nd2
Bb4 34. Nc4 Bc3 35. Rb1 Nc5 36. Nxb2 a5 37. Nc4 a4 38. Rb5 Nb3 39. Rb6 Na5 40.
Nd6 f6 41. Ne4 Be5 42. Ra6 Nb3 43. Rxa4 Nd4 44. Nc5 Nf5 45. Ra7+ Kg6 46. Ne6
Bd6 47. h3 Nh4+ 48. Kf2 Nf5 49. Kf3 Ne7 50. Rd7 Nf5 51. Ke4 Ba3 52. Nf4+ Kg5
53. Rxh7 Ng3+ 54. Kf3 Bd6 55. Rg7+ Kf5 56. Ng2 Nf1 57. Nh4+ Ke6 58. Rg2 Bc5 59.
Re2+ Kf7 60. Nf5 Bb4 61. h4 Nd2+ 62. Kf4 Nc4 63. h5 Ne5 64. h6 Ba3 65. h7 Ng6+
66. Ke4 Bf8 67. Rg2 Bg7 68. Nxg7 1-0

[Event "16th South Wales Int 2019"]
[Site "Bridgend"]
[Date "2019.07.09"]
[Round "4.9"]
[White "Kett, Tim"]
[Black "May, Adam J"]
[Result "1-0"]
[WhiteElo "2252"]
[BlackElo "1917"]
[PlyCount "65"]
[EventDate "2019.07.07"]
[EventType "swiss"]
[EventRounds "9"]
[EventCountry "WLS"]

1. Nf3 d5 2. c4 e6 3. b3 Nf6 4. Bb2 Be7 5. e3 O-O 6. d4 c5 7. Bd3 b6 8. O-O Ba6
9. Ne5 Qc7 10. Nd2 dxc4 11. bxc4 Nc6 12. f4 Rfd8 13. Ndf3 h6 14. Rc1 Rac8 15.
Kh1 Qb7 16. f5 b5 17. cxb5 Bxb5 18. fxe6 Bxd3 19. exf7+ Kf8 20. Nxd3 cxd4 21.
Bxd4 Nxd4 22. Rxc8 Rxc8 23. Nxd4 Kxf7 24. Qh5+ Kg8 25. Qg6 Qe4 26. Nf5 Bf8 27.
Nf4 Qc4 28. Kg1 Qxa2 29. Nxh6+ Kh8 30. Nf7+ Kg8 31. Nh5 Nxh5 32. Qxh5 Bc5 33.
Qh8# 1-0

[Event "16th South Wales Int 2019"]
[Site "Bridgend"]
[Date "2019.07.09"]
[Round "4.10"]
[White "Toczek, Grzegorz"]
[Black "Jukes, Sam"]
[Result "1-0"]
[WhiteElo "2249"]
[BlackElo "1895"]
[PlyCount "91"]
[EventDate "2019.07.07"]
[EventType "swiss"]
[EventRounds "9"]
[EventCountry "WLS"]

1. c4 Nf6 2. Nf3 e6 3. g3 b6 4. Bg2 Bb7 5. O-O Be7 6. Nc3 O-O 7. d4 d5 8. cxd5
exd5 9. Qb3 Nbd7 10. Ne5 Nxe5 11. dxe5 Ne4 12. Rd1 Nc5 13. Qc2 c6 14. b4 Nd7
15. b5 Nxe5 16. bxc6 Bxc6 17. Nxd5 Bxd5 18. Rxd5 Rc8 19. Qf5 Qc7 20. Bf4 f6 21.
Be4 g6 22. Qe6+ Kh8 23. Rxe5 fxe5 24. Bxe5+ Qxe5 25. Qxe5+ Bf6 26. Qb5 Bxa1 27.
h4 Bd4 28. Bf3 Bg7 29. Qd7 a5 30. h5 gxh5 31. Bxh5 Rc5 32. Bf3 Rcf5 33. a4 R5f7
34. Qd3 Rf6 35. Be4 R6f7 36. f3 Bf6 37. Kg2 Rg7 38. Qd6 Re7 39. Qxb6 Bc3 40.
Qd6 Bb4 41. Qh6 Rg7 42. g4 Bc3 43. Bxh7 Rf6 44. Bg6+ Kg8 45. Qc1 Rgxg6 46. Qxc3
1-0

[Event "16th South Wales Int 2019"]
[Site "Bridgend"]
[Date "2019.07.09"]
[Round "4.11"]
[White "Waddington, Mike P"]
[Black "Byron, Alan M"]
[Result "1-0"]
[WhiteElo "2014"]
[BlackElo "2222"]
[PlyCount "77"]
[EventDate "2019.07.07"]
[EventType "swiss"]
[EventRounds "9"]
[EventCountry "WLS"]

1. Nc3 d5 2. e4 d4 3. Nce2 e5 4. Ng3 Be6 5. Nf3 f6 6. Be2 Qd7 7. O-O Nc6 8. Bb5
Nge7 9. d3 O-O-O 10. b4 a6 11. Ba4 b5 12. Bb3 Nxb4 13. a4 Bxb3 14. cxb3 Kb7 15.
Ba3 Nc8 16. Qd2 Nc6 17. axb5 axb5 18. Bxf8 Rhxf8 19. Qa2 N6a7 20. Qa6+ Kb8 21.
Rfc1 Qd6 22. Qa5 Qb6 23. Qa2 g6 24. b4 Rd6 25. Nd2 Rc6 26. Rxc6 Qxc6 27. Nb3
Qe6 28. Qa3 Rd8 29. Nc5 Qb6 30. Qb3 Qd6 31. Qa2 Qb6 32. Qf7 Qd6 33. Qa2 Qb6 34.
Nf1 f5 35. Nd2 fxe4 36. Ndxe4 Qc6 37. Rc1 Ka8 38. Qa3 Qd5 39. Na6 1-0

[Event "16th South Wales Int 2019"]
[Site "Bridgend"]
[Date "2019.07.09"]
[Round "4.12"]
[White "Garcia, Jason"]
[Black "Bullen, Alex"]
[Result "0-1"]
[WhiteElo "2053"]
[BlackElo "2118"]
[PlyCount "86"]
[EventDate "2019.07.07"]
[EventType "swiss"]
[EventRounds "9"]
[EventCountry "WLS"]

1. Nf3 d5 2. c4 e6 3. b3 Nf6 4. g3 Be7 5. Bg2 O-O 6. O-O d4 7. e3 c5 8. exd4
cxd4 9. Bb2 Nc6 10. Re1 Ne8 11. Ne5 Nxe5 12. Rxe5 f6 13. Re1 e5 14. f4 exf4 15.
Bd5+ Kh8 16. Bxd4 fxg3 17. hxg3 Nc7 18. Nc3 Ne6 19. Bf2 Ng5 20. d4 f5 21. Bg2
f4 22. gxf4 Bb4 23. Re3 Bxc3 24. Rxc3 Rxf4 25. Rg3 Nf7 26. Qd2 Qf6 27. Re1 Bd7
28. Bxb7 Rf8 29. Be3 Rf5 30. Bg2 Rh5 31. Qf2 Qh4 32. Rf3 Qh2+ 33. Kf1 Qd6 34.
Bf4 Qb4 35. Be5 Kg8 36. Kg1 Bg4 37. Rf4 Rg5 38. Kh2 Rh5+ 39. Kg1 Rg5 40. Kh2
Rh5+ 41. Kg3 Rg5 42. Kh4 Qb6 43. Bd5 Qh6+ 0-1

[Event "16th South Wales Int 2019"]
[Site "Bridgend"]
[Date "2019.07.09"]
[Round "4.13"]
[White "Brown, Thomas"]
[Black "Harris, Calum"]
[Result "1-0"]
[WhiteElo "2092"]
[BlackElo "1764"]
[PlyCount "69"]
[EventDate "2019.07.07"]
[EventType "swiss"]
[EventRounds "9"]
[EventCountry "WLS"]

1. Nf3 Nf6 2. c4 g6 3. Nc3 Bg7 4. e4 d6 5. d4 O-O 6. Be2 e5 7. O-O Nc6 8. d5
Ne7 9. Ne1 Nd7 10. Be3 f5 11. f3 Nf6 12. c5 a6 13. Nd3 h6 14. Rc1 Bd7 15. Qb3
Qb8 16. cxd6 cxd6 17. Nxe5 dxe5 18. d6+ Kh8 19. dxe7 Re8 20. Bc5 b6 21. Ba3 b5
22. Nd5 fxe4 23. Nc7 exf3 24. Bxf3 Qb6+ 25. Kh1 e4 26. Nxa8 Qa7 27. Nc7 exf3
28. Rxf3 Ne4 29. Nxe8 Nf2+ 30. Rxf2 Qxf2 31. Nxg7 Kxg7 32. Qf3 Qd2 33. Qf8+ Kh7
34. Qf7+ Kh8 35. Rc8+ 1-0

[Event "16th South Wales Int 2019"]
[Site "Bridgend"]
[Date "2019.07.09"]
[Round "4.14"]
[White "Jones, Derek"]
[Black "Wilks, Simon"]
[Result "1/2-1/2"]
[WhiteElo "1937"]
[BlackElo "2065"]
[PlyCount "98"]
[EventDate "2019.07.07"]
[EventType "swiss"]
[EventRounds "9"]
[EventCountry "WLS"]

1. Nf3 d5 2. d4 Nf6 3. c4 e6 4. Nc3 Bb4 5. e3 O-O 6. Bd3 c5 7. a3 Bxc3+ 8. bxc3
Qc7 9. cxd5 cxd4 10. O-O dxc3 11. d6 Qa5 12. Rb1 a6 13. e4 e5 14. Qb3 Nc6 15.
Be3 b5 16. Rfc1 Bb7 17. Rxc3 Rfd8 18. a4 Rxd6 19. axb5 axb5 20. Rc5 Qa3 21.
Qxa3 Rxa3 22. Bxb5 h6 23. Rcc1 Nxe4 24. Bxc6 Bxc6 25. Nxe5 Bd5 26. Nc4 Bxc4 27.
Rxc4 Rad3 28. g3 Nf6 29. Rb8+ Kh7 30. Rcc8 Rd7 31. h4 R3d5 32. Kg2 Ra5 33. Kh3
h5 34. Bg5 Ng4 35. Rb2 Rf5 36. Kg2 f6 37. Bf4 g5 38. hxg5 fxg5 39. Rc7 Rxc7 40.
Bxc7 Kg6 41. Re2 Nf6 42. Bb6 g4 43. Bd4 Kf7 44. Bxf6 Kxf6 45. Re3 Kg5 46. f3
gxf3+ 47. Rxf3 Rxf3 48. Kxf3 h4 49. gxh4+ Kxh4 1/2-1/2

[Event "16th South Wales Int 2019"]
[Site "Bridgend"]
[Date "2019.07.09"]
[Round "4.15"]
[White "Whitehead, Mark A"]
[Black "Murphy, Conor E"]
[Result "0-1"]
[WhiteElo "1887"]
[BlackElo "2362"]
[PlyCount "62"]
[EventDate "2019.07.07"]
[EventType "swiss"]
[EventRounds "9"]
[EventCountry "WLS"]

1. e4 c5 2. Nc3 e6 3. g3 d5 4. d3 d4 5. Nce2 g5 6. Nf3 Be7 7. Bg2 Nc6 8. h4 g4
9. Nh2 e5 10. f4 gxf3 11. Nxf3 Nf6 12. c3 c4 13. O-O dxc3 14. Nxc3 cxd3 15. Ne1
Rg8 16. Bg5 Rxg5 17. hxg5 Bc5+ 18. Kh1 Ng4 19. Qf3 Be6 20. Bh3 Nd4 21. Qxd3
Qxg5 22. Ng2 Qh6 23. Nh4 Ne3 24. Bxe6 Qxe6 25. Rf5 Ndxf5 26. Qb5+ Qc6 27. Qxc6+
bxc6 28. Nxf5 Rd8 29. Re1 Nxf5 30. exf5 Bd4 31. Nd1 Ke7 0-1

[Event "16th South Wales Int 2019"]
[Site "Bridgend"]
[Date "2019.07.09"]
[Round "4.16"]
[White "Pleasants, Allan J"]
[Black "Robinson, David"]
[Result "1/2-1/2"]
[WhiteElo "2049"]
[BlackElo "1840"]
[PlyCount "90"]
[EventDate "2019.07.07"]
[EventType "swiss"]
[EventRounds "9"]
[EventCountry "WLS"]

1. Nf3 Nf6 2. c4 d6 3. d4 c6 4. Nc3 Nbd7 5. g3 Qc7 6. Bg2 e5 7. O-O Be7 8. b3
O-O 9. h3 Re8 10. Be3 Nf8 11. Rc1 h6 12. b4 Ng6 13. d5 Bd7 14. Qb3 Rec8 15.
Rfd1 Ne8 16. c5 Qd8 17. Kh2 cxd5 18. Nxd5 dxc5 19. Nxe7+ Qxe7 20. Bxc5 Qe6 21.
Qxe6 Bxe6 22. a3 b6 23. Be3 Rxc1 24. Rxc1 Rc8 25. Rxc8 Bxc8 26. a4 Nd6 27. h4
f6 28. Ne1 Be6 29. Nd3 Bc4 30. a5 bxa5 31. bxa5 a6 32. Kg1 Kf7 33. Kf1 e4 34.
Nb2 Bd5 35. Bc5 Ke6 36. Bh3+ f5 37. Bxd6 Kxd6 38. Bxf5 Ne7 39. Bg4 Bb3 40. Ke1
Kc5 41. Kd2 Kb4 42. Nd1 Bxd1 43. Kxd1 Kxa5 44. Kd2 Nd5 45. Be6 Nf6 1/2-1/2

[Event "16th South Wales Int 2019"]
[Site "Bridgend"]
[Date "2019.07.09"]
[Round "4.17"]
[White "Hewitt, William"]
[Black "Nechio, Douglas Egidio Gome"]
[Result "1-0"]
[WhiteElo "2005"]
[BlackElo "1819"]
[PlyCount "57"]
[EventDate "2019.07.07"]
[EventType "swiss"]
[EventRounds "9"]
[EventCountry "WLS"]

1. e4 c5 2. Nf3 g6 3. d4 cxd4 4. Nxd4 Bg7 5. c4 Nc6 6. Be3 Nf6 7. Nc3 d6 8. Be2
O-O 9. Qd2 Nxd4 10. Bxd4 Bd7 11. O-O Bc6 12. f3 Nd7 13. Be3 a5 14. b3 Nc5 15.
Rab1 e6 16. a3 Be5 17. g3 f5 18. b4 axb4 19. axb4 Qf6 20. Nd1 Ra1 21. Rxa1 Nb3
22. Qa2 Nxa1 23. b5 Bd7 24. exf5 gxf5 25. f4 Bc3 26. Kf2 Qh6 27. Nxc3 Qxh2+ 28.
Ke1 Qxg3+ 29. Kd2 1-0